| Tag |
First Indicator |
Second Indicator |
Subfields |
| LEADER |
00000cam a22000008a 4500 |
| 001 |
in00000081760 |
| 005 |
20151008054138.0 |
| 008 |
800923s1980 enka b 10110 engm |
| 010 |
|
|
|a 80040935
|
| 015 |
|
|
|a GB80
|
| 020 |
|
|
|a 0080247717 :
|c 20.00 (est.)
|
| 035 |
|
|
|a (OCoLC)06813706
|
| 035 |
|
|
|9 AAH9775AM
|
| 040 |
|
|
|a DLC
|c DLC
|d m.c.
|d OCL
|d TXA
|d UtOrBLW
|
| 049 |
|
|
|a TXAM
|c [1195521]
|
| 050 |
0 |
0 |
|a QC197
|b .E86 1979
|
| 082 |
0 |
|
|a 530.4/1
|2 19
|
| 111 |
2 |
|
|a European Conference on Internal Friction and Ultrasonic Attenuation in Solids
|n (3rd :
|d 1979 :
|c University of Manchester)
|
| 245 |
1 |
0 |
|a Internal friction and ultrasonic attenuation in solids :
|b proceedings of the Third European Conference, University of Manchester, England, 18-20 July 1980 [as printed] /
|c edited by C.C. Smith ; sponsored by The Institute of Physics, Materials and Testing Group.
|
| 250 |
|
|
|a 1st ed.
|
| 263 |
|
|
|a 8010
|
| 264 |
|
1 |
|a Oxford, England ;
|a New York :
|b Pergamon Press,
|c 1980.
|
| 300 |
|
|
|a xiii, 416 pages :
|b illustrations ; 26 cm.
|
| 336 |
|
|
|a text
|b txt
|2 rdacontent
|
| 337 |
|
|
|a unmediated
|b n
|2 rdamedia
|
| 338 |
|
|
|a volume
|b nc
|2 rdacarrier
|
| 500 |
|
|
|a Includes bibliographies and indexes.
|
| 650 |
|
0 |
|a Internal friction
|x Measurement
|x Congresses.
|
| 650 |
|
0 |
|a Ultrasonic waves
|x Congresses.
|
| 650 |
|
0 |
|a Solids
|v Congresses.
|
| 700 |
1 |
|
|a Smith, C. C.
|q (Colin Charles)
|
| 710 |
2 |
|
|a Institute of Physics (Great Britain).
|b Materials and Testing Group.
|
| 999 |
|
|
|a MARS
|
| 999 |
f |
f |
|s 243506fc-ae40-37b3-b5f4-dd8a696efbed
|i 3989c955-5107-378e-945c-23d8e417f3e7
|t 0
|
| 952 |
f |
f |
|p normal
|a Texas A&M University
|b College Station
|c Sterling C. Evans Library
|d Evans: Library Stacks
|t 0
|e QC197 .E86 1979
|h Library of Congress classification
|i unmediated -- volume
|m A14806208289
|
| 998 |
f |
f |
|a QC197 .E86 1979
|t 0
|l Evans: Library Stacks
|